Best 25 teams in EA's CFB 25 - Statistics

General Stats
  • This quiz has been taken 255 times
  • The average score is 16 of 25
Answer Stats
Hint Answer % Correct
92 OVR Alabama
97%
95 OVR Georgia
97%
93 OVR Ohio State
96%
92 OVR Texas
96%
93 OVR Oregon
89%
88 OVR Michigan
87%
88 OVR Penn State
82%
90 OVR Clemson
79%
90 OVR Notre Dame
72%
90 OVR LSU
68%
88 OVR Miami
68%
88 OVR Ole Miss
67%
87 OVR USC
67%
88 OVR Florida State
66%
87 OVR Oklahoma
66%
87 OVR Colorado
63%
87 OVR Arizona
60%
87 OVR Iowa
45%
87 OVR Kansas
42%
88 OVR Utah
36%
88 OVR Texas Tech
35%
87 OVR Oklahoma State
34%
87 OVR Wisconsin
28%
87 OVR Virginia Tech
17%
87 OVR Stanford
14%
No matching quizzes found
Score Distribution
Percent of People with Each Score
Percentile by Number Answered
Your Score History
You have not taken this quiz